UM Logo

Services delivered and the level of marketability of selected lending institutions in Digos City/ (Record no. 2342)

MARC details
000 -LEADER
fixed length control field 00645nam a22001577a 4500
008 - FIXED-LENGTH DATA ELEMENTS--GENERAL INFORMATION
fixed length control field 160506b xxu||||| |||| 00| 0 eng d
082 ## - DEWEY DECIMAL CLASSIFICATION NUMBER
Edition number 2013
Classification number UT 0491
Item number Si38
100 ## - MAIN ENTRY--PERSONAL NAME
9 (RLIN) 7685
Personal name Silva, Armand James E.
245 ## - TITLE STATEMENT
Title Services delivered and the level of marketability of selected lending institutions in Digos City/
Statement of responsibility, etc. Armand James E. Silva, Ronel B. Celleros and Ruben R. Galanta.
260 ## - PUBLICATION, DISTRIBUTION, ETC. (IMPRINT)
Place of publication, distribution, etc. Digos City:
Name of publisher, distributor, etc. UMDC
Date of publication, distribution, etc. November 2013.
300 ## - PHYSICAL DESCRIPTION
Extent 59 pages;
Dimensions 30 cm.
650 #0 - SUBJECT ADDED ENTRY--TOPICAL TERM
9 (RLIN) 7684
Topical term or geographic name as entry element Business Administration
Form subdivision Marketing Management
General subdivision Undergraduate thesis.
700 ## - ADDED ENTRY--PERSONAL NAME
9 (RLIN) 7682
Personal name Cerellos, Ronel B.
700 ## - ADDED ENTRY--PERSONAL NAME
9 (RLIN) 7683
Personal name Galanta, Ruben R.
942 ## - ADDED ENTRY ELEMENTS (KOHA)
Source of classification or shelving scheme Dewey Decimal Classification
Koha item type Undergraduate Thesis
Holdings
Withdrawn status Lost status Source of classification or shelving scheme Damaged status Not for loan Collection code Home library Current library Date acquired Total Checkouts Full call number Barcode Date last seen Price effective from Koha item type
    Dewey Decimal Classification     Undergraduate Theses UM Digos College - LIC UM Digos College - LIC 05/06/2016   UT 0491 Si38 2013 UT0491 05/06/2016 05/06/2016 Undergraduate Thesis